000
00291nam a22001337a 4500
008
210310b ||||| |||| 00| 0 eng d
041
_a
eng
080
_a
82
082
_a
82
100
_a
23
101
_a
GJL
245
_a
Varieties of Literary Experience
_c
Burnshaw,S
942
_2
udc
_c
BK
999
_c
56195
_d
56195